[Event "Moscow-ch Men 2019"]
[Site "Moscow"]
[Date "2019.03.30"]
[Round "1.18"]
[White "Anisimov, Yuri"]
[Black "Galaktionov, Artem"]
[Result "0-1"]
[WhiteElo "1991"]
[BlackElo "2332"]
[Annotator "TA"]
[PlyCount "96"]
[EventDate "2019.03.30"]
[EventType "swiss"]
[EventCountry "RUS"]
[SourceTitle "playchess.com"]
[Source "ChessBase"]
[SourceQuality "1"]

{[%evp 14,96,70,64,106,64,100,85,93,62,57,0,0,0,0,0,0,-34,-37,-131,-131,-146,-152,-166,-173,-171,-172,-163,-165,-189,-156,-270,-279,-375,-362,-604,-593,-620,-604,-611,-603,-650,-642,-745,-644,-1267,-1265,-1249,-1232,-1748,-1740,-1675,-1635,-5010,-4798,-1549,-995,-1089,-910,-898,-881,-879,-854,-1013,-999,-1066,-1026,-2776,-2556,-2593,-5281,-5181,-5132,-5310,-5097,-29979,-29980,-29981,-29982,-29981,-29983,-29983,-29981,-29984,-29985]} 1. d4 Nf6 2. c4 g6 3. Nc3 Bg7 4. e4 d6 5. Be2 Nbd7 6. Be3 O-O 7. g4 e5 8. d5 {LiveBook: 27 Games} Ne8 {E73: King's Indian: Averbakh Variation without 6...c5} (8... Nc5 9. f3 Ne8 10. h4 f5 11. g5 fxe4 12. fxe4 Rf4 13. Bxf4 exf4 14. Qd2 a6 15. Nf3 b5 16. Qxf4 {½-½ (89) Ganguly,S (2650)-Melkumyan,H (2633) Riadh 2017}) 9. Qd2 a5 10. O-O-O $146 ({Predecessor:} 10. a4 c6 11. g5 f5 12. gxf6 Ndxf6 13. h3 Bd7 14. Rh2 Qc8 15. Qd1 cxd5 16. cxd5 {1-0 (52) Duss,H-Bouvier,M Leukerbad 1992}) 10... Nc5 {White is better.} 11. g5 f5 12. gxf6 ({Better is} 12. f3 $14) 12... Nxf6 $11 13. f3 Nh5 14. h4 Nf4 15. h5 Nxh5 16. Nh3 (16. Kb1 $15) 16... Ng3 $36 {[%mdl 2048] Black is in control.} 17. Bg5 Bf6 18. Bh6 Nxh1 19. Rxh1 Bxh3 20. Rxh3 Rf7 21. Nd1 Qd7 22. Nf2 (22. Rh1 $17 {was worth a try.}) 22... Bg7 $19 {Hoping for ...Nxe4!} 23. Be3 {[#]} Nxe4 $1 24. Nxe4 $2 (24. fxe4 Rxf2 25. Rxh7 Kxh7 26. Bxf2) 24... Qxh3 25. Ng5 Qh1+ 26. Kc2 Rf5 27. Ne6 Rc8 28. Qxa5 Qg2 29. Kd3 {[#]} e4+ $1 30. fxe4 (30. Kxe4 Qxe2) 30... Re5 31. Qa3 Qxe4+ 32. Kd2 {[#]} Bh6 $1 {[%cal Rh6e3]} 33. Bxh6 Qxe2+ 34. Kc3 Qf3+ 35. Kb4 Qxa3+ 36. Kxa3 {[#]} Rxe6 $1 37. dxe6 {[%mdl 4096] Endgame KR-KB} Re8 38. b4 Rxe6 39. Kb3 Re5 40. a4 g5 {[%cal Bg6g5,Bg5g4,Bg4g3,Bg3g2][%mdl 32]} 41. a5 c6 42. Ka4 Re4 43. Kb3 g4 44. b5 cxb5 {Black mates.} 45. cxb5 g3 46. a6 bxa6 47. bxa6 Re8 48. a7 g2 {Precision: White = 31%, Black = 86%.} 0-1

[Event "Moscow-ch Men 2019"]
[Site "Moscow"]
[Date "2019.03.30"]
[Round "1.19"]
[White "Yeritsyan, Aram"]
[Black "Pak, Nikita"]
[Result "1/2-1/2"]
[WhiteElo "2301"]
[BlackElo "1916"]
[Annotator "TA"]
[PlyCount "100"]
[EventDate "2019.03.30"]
[EventType "swiss"]
[EventCountry "RUS"]
[SourceTitle "playchess.com"]
[Source "ChessBase"]
[SourceQuality "1"]

{[%evp 19,100,63,58,78,87,74,82,103,82,80,104,-12,-25,-34,-29,-84,90,85,133,94,119,-85,-79,-65,-83,-207,-187,-206,-199,-204,-191,-235,-104,-152,-135,-153,-91,-409,-395,-393,-404,-408,-396,-418,-403,-473,-470,-508,-447,-458,-452,-393,-361,-435,-194,-303,0,-562,-535,-533,-475,-426,-135,-134,-71,-525,-521,-668,-658,-654,-663,-29988,-29975,-29978,-29979,-29987,-29988,-29988,-29973,-29992,-29993,-29994,-1318]} 1. e4 c5 2. Nf3 Nc6 3. d4 cxd4 4. Nxd4 Qb6 5. Nb3 Nf6 6. Nc3 e6 7. Be3 Qc7 8. f4 d6 9. Qf3 Be7 10. O-O-O O-O 11. g4 {B82: Sicilian Scheveningen: 6 f4} a6 12. g5 Nd7 13. h4 {White is better.} (13. f5 Nde5 14. Qg3 Re8 15. f6 Bf8 16. h4 b5 17. h5 b4 18. Na4 Bb7 {1-0 (30) Libiszewski,F (2542)-Muller,A (2027) Espalion 2017}) 13... b5 14. h5 Bb7 15. g6 $146 ({Better is} 15. a3 $16) ({Predecessor:} 15. Qh3 Rac8 16. g6 b4 17. h6 gxh6 18. Qxh6 Nf6 19. gxh7+ {1-0 (26) Riordan,C (2285)-Chamberlain,J (2010) Natick 2004}) 15... h6 $11 16. Bh3 f5 17. Qe2 (17. exf5 $11 {remains equal.} Nd4 {[%mdl 64] Pin} 18. Qf2 Nxf5 19. Rh2) 17... Nd8 $2 (17... b4 $17 {keeps the pressure on.} 18. Nb1 Na5 19. exf5 Bxh1 20. Rxh1 Nxb3+ 21. axb3 exf5) 18. exf5 $1 $16 b4 19. fxe6 Nf6 20. Nb1 $2 (20. Na4 $1 $16 {is forced if you want to stay better.}) 20... Bxh1 $17 21. Rxh1 Rc8 $36 {[%mdl 2048] Black is really pushing.} 22. Rd1 {[#]} (22. Nd4 $17) 22... Nxh5 $1 $19 {[%mdl 512]} 23. Rd4 (23. Qxh5 Qxc2#) 23... a5 {White must now prevent ...a4.} 24. c3 Ng3 (24... bxc3 25. Nxc3 Nf6 26. Kb1 $14) 25. Qb5 Bf6 (25... bxc3 26. Nxc3 Bf6 27. Rd3 $11) (25... Qc6 $19 {is more deadly.} 26. Qxc6 Nxc6) 26. Qd5 {[#]} Kh8 $1 ({Worse is} 26... Ne2+ 27. Kd2 $14 (27. Kd1 Nxd4 28. e7+ {[%mdl 64] Double Attack, Discovered Attack} N4e6 $16)) 27. Qf3 {[#] Strongly threatening e7.} a4 (27... Nc6 $142 $1 28. Rc4 (28. Qxg3 a4 $17) 28... d5 29. Rxc6 Qxc6) 28. Qxg3 $4 {[%mdl 8192]} (28. Rxb4 $17 {is more resistant.} axb3 29. Rxb3) 28... axb3 29. axb3 Bxd4 30. Bxd4 {Threatens to win with Qh4.} Nc6 31. Be3 Ne7 32. Qg4 Qa5 {[%cal Rb4c3]} 33. c4 Qa2 34. Qd1 Qa8 35. Nd2 Nf5 36. Bf2 Qa1+ (36... Rce8 $142 37. Qe1 Qa1+ 38. Nb1 Qa5) 37. Nb1 (37. Kc2 {only move.} Qxd1+ 38. Kxd1) 37... Qa8 $2 ({Black should play} 37... Rce8 $19 {And now ...Qa8 would win.} 38. Qh5 Qa5) 38. Qd3 $2 {[%mdl 8192]} (38. Nd2 $1 $11) 38... Qh1+ 39. Kc2 Ne7 40. Nd2 Qh2 $2 (40... d5 $19 41. Qf1 Qh2) 41. Bh4 $17 Nxg6 (41... Rc7 $142 42. Qg3 Qxg3 43. Bxg3 Kg8) 42. Qxg6 $4 {[%mdl 8192]} (42. e7 $17 Nxh4 43. Bxc8) 42... Qxh3 $19 43. Be7 Rxf4 44. Bxd6 Rf6 45. Qg1 Rxe6 {Black mates.} 46. Bxb4 Qf5+ 47. Kc1 Ra8 48. Ba3 Qd3 49. Qf2 Rae8 50. Kd1 Rg6 {[%mdl 32768] Accuracy: White = 29%, Black = 49%. . An unexpected result.} (50... Re2 $142 51. Qxe2 Rxe2 52. Bb4 Rh2 53. Kc1 Rh1+ 54. Nf1 Rxf1+ 55. Be1 Rxe1#) 1/2-1/2

[Event "Moscow-ch Men 2019"]
[Site "Moscow"]
[Date "2019.03.30"]
[Round "1.20"]
[White "Lupolov, Boris"]
[Black "Obolentseva, Alexandra"]
[Result "0-1"]
[WhiteElo "1907"]
[BlackElo "2326"]
[Annotator "TA"]
[PlyCount "98"]
[EventDate "2019.03.30"]
[EventType "swiss"]
[EventCountry "RUS"]
[SourceTitle "playchess.com"]
[Source "ChessBase"]
[SourceQuality "1"]

{[%evp 16,98,40,12,54,55,65,62,63,30,38,35,24,20,8,23,44,36,44,42,45,40,40,31,50,28,7,16,33,24,26,2,0,0,4,0,12,18,65,-12,-6,-26,-23,-31,-29,-116,-112,-96,-15,-107,-99,-79,-110,-456,-452,-519,-519,-519,-519,-1088,-448,-445,-438,-508,-508,-492,-477,-477,-326,-566,-524,-575,-577,-588,-447,-637,-556,-541,-403,-845,-855,-829,-802,-712,-673]} 1. d4 Nf6 2. c4 g6 3. Nc3 Bg7 4. e4 d6 5. f3 O-O 6. Be3 c5 7. Nge2 Nc6 8. Qd2 b6 9. Rd1 h5 $146 {E82: King's Indian: Sämisch: 6...b6} ({Predecessor:} 9... Re8 10. b3 e5 11. dxe5 dxe5 12. Qxd8 Rxd8 13. Rxd8+ Nxd8 14. Nd5 Nc6 {½-½ (14) Vuelban,V (2313)-Mrdja,M (2330) Arvier 2016}) 10. d5 Ne5 11. Nc1 e6 {White is slightly better.} 12. Bg5 {Hoping for f4.} exd5 13. Nxd5 Be6 14. Be2 (14. Nc3 {keeps more tension.} Qd7 15. b3 Nh7 16. Bh6 f5 17. Be2) 14... Bxd5 15. cxd5 Qd7 16. O-O Rfe8 17. b3 b5 18. Nd3 Nxd3 19. Bxd3 a5 {[%cal Ba7a5,Ba5a4][%mdl 32]} 20. Rfe1 a4 21. Qe2 Reb8 22. Bc1 Qb7 23. Bf4 Qb6 {[#] Strongly threatening ...c4+.} 24. Kh1 axb3 25. axb3 Ra3 26. Rb1 {[%cal Bd1b1,Bb1b2,Bb2c2][%mdl 32]} Qa6 27. Bc1 ({White should play} 27. Bg3 $14) 27... Ra2 $11 28. Rb2 Ra1 29. Rc2 Nd7 30. Bf4 (30. h3 $11) 30... Rxe1+ $17 31. Qxe1 Ne5 (31... c4 $17 32. bxc4 b4) 32. Bxe5 (32. Bf1 $11) 32... Bxe5 33. Qf1 Qa3 34. Qb1 $2 {[%mdl 8192] [#]} (34. f4 $17 {is a better chance.} Bg7 35. Rc1) 34... c4 $1 $19 {[%mdl 512]} 35. Ra2 (35. bxc4 Qxd3) 35... Qxb3 36. Qxb3 cxb3 {[%mdl 4096] Endgame KRB-KRB} 37. Ra3 (37. Re2 $142 Rc8 38. Re1) 37... b2 (37... Rc8 $142 {( -> ...Rc1+)} 38. Kg1 Rc3 39. Ra8+ Kg7) 38. Rb3 b4 39. g3 Bc3 40. Kg2 Ra8 41. Kf2 Ra1 42. h3 $2 (42. f4 {is the only way for White.}) 42... Rd1 43. Ke3 Rh1 44. h4 Kf8 45. Kf2 (45. f4 $142) 45... Rh2+ 46. Ke3 Rg2 47. Bc4 (47. Bf1 $142 Rg1 48. Kf2 Bd4+ 49. Ke2) 47... Rxg3 {Black is clearly winning.} 48. Bf1 Rg1 49. Kf2 Rh1 {Accuracy: White = 27%, Black = 69%.} 0-1

[Event "Moscow-ch Men 2019"]
[Site "Moscow"]
[Date "2019.03.30"]
[Round "1.21"]
[White "Pesotskiy, Mikhail"]
[Black "Zhuk, Kirill"]
[Result "1-0"]
[WhiteElo "2300"]
[BlackElo "1974"]
[Annotator "TA"]
[PlyCount "73"]
[EventDate "2019.03.30"]
[EventType "swiss"]
[EventCountry "RUS"]
[SourceTitle "playchess.com"]
[Source "ChessBase"]
[SourceQuality "1"]

{[%evp 23,73,25,43,33,31,27,66,58,91,98,83,90,88,99,156,127,141,131,171,156,262,259,254,222,216,211,243,260,662,461,434,431,404,396,322,252,485,486,500,491,491,462,535,515,578,527,527,520,3702,2102,29998,29999]} 1. d4 d5 2. c4 e6 3. Nc3 Nf6 4. cxd5 exd5 5. Bg5 Be7 6. e3 c6 7. Qc2 Nbd7 8. Bd3 O-O 9. Nf3 Re8 10. h3 Nf8 11. Bf4 Bd6 12. Bxd6 Qxd6 13. O-O-O {D36: Queen's Gambit Declined: Exchange Variation: Main line (5 Bg5 c6 6 Qc2)} a5 14. Kb1 {[#]} Bd7 $146 ({Predecessor:} 14... Qe7 15. g4 {½-½ (15) Lalic,B (2438)-Nevednichy,V (2528) Mali Losinj 2017}) 15. g4 {White is slightly better.} a4 16. g5 Ne4 17. Nxe4 dxe4 18. Bxe4 Be6 ({Better is} 18... Qe7) 19. Ne5 $16 a3 {[#] White must now prevent ...axb2.} 20. b3 Ra5 21. f4 Qb4 (21... Bd5 $16 22. h4 h5) 22. h4 $18 Bd5 23. h5 Bxe4 24. Qxe4 Qc3 {[%csl Ga3][%cal Rc3b2]} 25. Rh2 Rd8 $2 (25... Rb5 26. Rc1 Qb4) 26. Rc1 Qb4 27. g6 fxg6 28. hxg6 h6 29. Qf5 Qe7 $2 (29... Rd7 {keeps fighting.} 30. Re2 Re7) 30. Nxc6 {[%mdl 64] [#] Discovered Attack} bxc6 31. Qxa5 Qe4+ 32. Rhc2 Re8 33. Qxa3 Qxe3 34. Rxc6 Qd3+ 35. Ka1 Re2 (35... Nxg6 $142 36. Qd6 Kh7) 36. Qa7 {White threatens Qf7+ and mate.} Qd2 37. Qf7+ {Accuracy: White = 87%, Black = 31%.} 1-0

[Event "Moscow-ch Men 2019"]
[Site "Moscow"]
[Date "2019.03.30"]
[Round "1.23"]
[White "Prokopchuk, Yury"]
[Black "Alekseev, Mikhail"]
[Result "1-0"]
[WhiteElo "2237"]
[BlackElo "1885"]
[Annotator "TA"]
[PlyCount "53"]
[EventDate "2019.03.30"]
[EventType "swiss"]
[EventCountry "RUS"]
[SourceTitle "playchess.com"]
[Source "ChessBase"]
[SourceQuality "1"]

{[%evp 15,53,3,20,19,25,24,26,11,19,16,20,0,3,8,6,0,0,0,27,27,39,37,37,0,66,81,83,79,69,79,81,88,99,79,108,102,181,180,354,344]} 1. d4 Nf6 2. Bg5 Ne4 3. Bf4 d5 4. Nd2 Bf5 5. e3 e6 6. Bd3 Nxd2 7. Qxd2 Bxd3 8. Qxd3 c6 9. Nf3 {A45: Trompowsky Attack} Bb4+ 10. c3 Bd6 11. Bg3 {White has an edge.} Qc7 12. O-O Nd7 13. c4 Bxg3 $146 ({Predecessor:} 13... O-O 14. b4 dxc4 15. Qxc4 e5 16. b5 Nb6 17. Qd3 exd4 {½-½ (71) Sharif,M (2470)-Delebarre,X (2285) France 1995}) 14. hxg3 Nf6 15. cxd5 exd5 16. b4 {[%cal Bb2b4,Bb4b5][%mdl 32]} O-O 17. b5 Rfc8 18. Rfc1 Qb6 19. a4 a6 (19... Ne4 $11) 20. bxc6 $14 Rxc6 21. Ne5 Rc7 22. Rab1 Rxc1+ 23. Rxc1 Qb4 24. Qb1 Qe7 25. Qb6 {Hoping for Rc7.} Re8 (25... Qa3 $16 26. Rc7 Re8) 26. Rb1 $18 Nd7 $2 {[#]} (26... Ne4 27. Qxb7 Qxb7 28. Rxb7 Rc8) 27. Qxb7 {[%mdl 64] Double Attack. Accuracy: White = 73%, Black = 24%.} 1-0

[Event "Moscow-ch Men 2019"]
[Site "Moscow"]
[Date "2019.03.30"]
[Round "1.24"]
[White "Zurabian, Vage"]
[Black "Zenin, Dmitry"]
[Result "0-1"]
[WhiteElo "1842"]
[BlackElo "2236"]
[Annotator "TA"]
[PlyCount "66"]
[EventDate "2019.03.30"]
[EventType "swiss"]
[EventCountry "RUS"]
[SourceTitle "playchess.com"]
[Source "ChessBase"]
[SourceQuality "1"]

{[%evp 9,66,14,4,-91,-90,-84,-89,-169,-181,-183,-188,-213,-202,-203,-144,-265,-213,-203,-166,-247,-172,-292,-288,-266,-227,-376,-380,-331,-175,-133,-153,-228,-97,-257,-219,-495,-341,-556,-561,-756,-729,-805,-639,-641,-623,-594,-158,-834,-846,-1206,-1127,-5131,-4351,-3581,-3149,-29967,-1425,-29991,-29992]} 1. e4 d6 2. d4 Nf6 3. Nc3 g6 4. f4 Bg7 5. h3 (5. Nf3 O-O 6. Bd3 Nc6 7. e5 dxe5 8. fxe5 Nh5 9. Be3 Bg4 10. Be2 f6 11. exf6 exf6 12. O-O Re8 13. Qd2 Ne7 14. h3 Be6 15. Bf2 Nf5 16. Rae1 Bh6 17. Qd3 Nhg3 18. Bxg3 Nxg3 19. Rf2 Bf5 {0-1 (32) Shirov,A (2643)-Saric,I (2695) St Petersburg 2018}) 5... Nh5 6. Nge2 {B09: Pirc Defence: Austrian Attack} (6. Nf3 $11 {keeps the balance.}) 6... e5 $1 $17 {[%cal Re5d4] White must now prevent ...exd4.} 7. Qd3 exd4 8. Nb5 (8. Nxd4 $17 Qh4+ 9. Kd1) 8... Nc6 $19 9. Bd2 a6 10. Na3 O-O $146 ({Predecessor:} 10... Qe7 11. O-O-O Nf6 12. Ng3 h5 {0-1 (32) Havasi,J (1837)-Haffner,Z Hungary 2003}) 11. O-O-O Re8 {aiming for ...Nf6.} 12. Re1 (12. g4 $17 Nf6 13. Ng3) 12... b5 13. g4 Nf6 $1 14. Bg2 (14. Ng3 $142) 14... Bb7 15. Ng3 (15. Kb1 {was worth a try.}) 15... Nd7 16. h4 Nc5 17. Qf3 {[#]} (17. Qf1 $142) 17... d3 $1 {[%mdl 512]} 18. c3 (18. cxd3 Qf6) 18... Na4 (18... Rb8 $142 {Threatens to win with ...b4!} 19. h5 {[#]} b4 $1 {[%mdl 512]} 20. cxb4 Nxb4 $1 {[%mdl 512]} 21. Bxb4 Bxb2+ $1 {[%mdl 512]} 22. Kd2 (22. Kxb2 $2 Qf6+ 23. e5 dxe5 $19) 22... Bc6 23. Bxc5 dxc5 24. Qxd3 Bxa3 25. Qxd8 Rexd8+ 26. Ke3 c4) 19. Qxd3 {[#]} b4 $1 {[%mdl 512]} 20. Nb1 (20. Qc2 $17 Nxc3 21. bxc3 bxa3 22. g5) (20. cxb4 a5) 20... bxc3 (20... Qd7 $19 {Strongly threatening ...Qe6.} 21. Qe3 d5) 21. Nxc3 $2 (21. Bxc3 $17 Nxc3 22. Nxc3) 21... Nc5 22. Qc4 $2 (22. Qf3 {keeps fighting.}) 22... a5 {[%cal Ba6a5,Ba5b4][%mdl 32]} 23. Nb5 $2 {[#]} (23. e5 Nxe5 {[%mdl 64] Discovered Attack} 24. fxe5 Bxg2 25. Rhg1) 23... Nb4 $1 {[%mdl 512]} 24. Bxb4 axb4 25. Rd1 Qf6 {[%csl Gg7][%cal Rf6b2]} 26. e5 dxe5 27. Bxb7 Nxb7 $2 $40 {[%mdl 128] Black wants a kill.} (27... exf4 $19 {[%csl Gg7][%cal Rf6b2] and Black stays clearly on top.} 28. Rd2 Nxb7) 28. Qxb4 $2 (28. Ne4 $17 Qa6 29. Rd7 Qxa2 30. Qxa2 Rxa2 31. Kb1) 28... exf4 29. Nc3 fxg3 30. Qxb7 Qf4+ 31. Kb1 Bxc3 32. Rhf1 Qc4 (32... Qa4 $142 33. Qb3 Bg7 34. Qxa4 Rxa4 35. h5 Rxg4 36. hxg6 fxg6 37. Rd2 h5 38. Rg2 Rf8 39. Rc1 Rf2 40. Rcg1 h4 41. Ka1 h3 42. Rxf2 gxf2 43. Rc1 Rg1 44. Kb1 h2 45. Kc2 Rxc1+ 46. Kb3 f1=Q 47. Ka4 Qa6+ 48. Kb4 Bf8+ 49. Kb3 Qc4#) 33. bxc3 Rab8 {Accuracy: White = 12%, Black = 57%.} 0-1

[Event "Moscow-ch Men 2019"]
[Site "Moscow"]
[Date "2019.03.30"]
[Round "1.25"]
[White "Rozanov, Pavel B."]
[Black "Israfilov, Ali"]
[Result "1-0"]
[WhiteElo "2242"]
[BlackElo "1835"]
[Annotator "TA"]
[PlyCount "50"]
[EventDate "2019.03.30"]
[EventType "swiss"]
[EventCountry "RUS"]
[SourceTitle "playchess.com"]
[Source "ChessBase"]
[SourceQuality "1"]

{[%evp 20,50,25,29,46,19,16,0,1,-27,-24,-48,-36,-82,-61,-75,-77,-75,-55,-37,40,39,40,49,95,82,215,190,198,199,182,156,29999]} 1. d4 Nf6 2. c4 g6 3. Nc3 d5 4. Nf3 Bg7 5. cxd5 Nxd5 6. e4 Nxc3 7. bxc3 c5 8. Bb5+ Nc6 9. O-O O-O {D85: Exchange Grünfeld: Unusual White 7th moves and lines with 7 Nf3} 10. d5 (10. Be3 cxd4 11. cxd4 Bg4 12. Bxc6 bxc6 13. Rc1 Qa5 14. Qd2 Qxd2 15. Nxd2 Rfd8 16. e5 Be6 17. Rxc6 Bxa2 18. Ra1 Bd5 19. Rc7 a5 20. Ra4 f6 21. f4 e6 22. Rc5 fxe5 23. dxe5 {½-½ (31) Gledura,B (2626)-Alekseenko,K (2627) Ankara 2018}) 10... Qa5 11. Rb1 {LiveBook: 3 Games} Ne5 {White has an edge.} 12. Nxe5 Bxe5 13. Bh6 Rd8 14. Bd2 $146 ({Predecessor:} 14. c4 Qxa2 15. f4 Bd4+ 16. Kh1 a6 17. Ba4 Qxc4 {0-1 (41) Staniszewski,P-Stohl,I Groningen 1982}) 14... Bxc3 15. Bxc3 Qxc3 16. Rb3 Qa5 17. Qc2 a6 18. Be2 b6 19. h4 {[%cal Bh2h4,Bh4h5,Bh5h6][%mdl 32]} e6 (19... Bd7 $15 20. Rg3 Qa4 21. Qxa4 Bxa4) 20. h5 $14 exd5 21. exd5 Bf5 22. Qb2 {[#] Strongly threatening h6.} b5 (22... gxh5 $16 23. Rxb6 Re8) 23. h6 {[%csl Gh6][%cal Rb2g7] White is clearly better.} f6 24. Qxf6 {[%csl Gh6][%cal Rf6g7]} Qc7 {[#]} 25. Re3 $1 {[%cal Re3e7] Hoping for Re7.} Qd6 $2 {Precision: White = 72%, Black = 41%.} (25... Rd6 $16 26. Qe5 Rad8) 1-0

[Event "Moscow-ch Men 2019"]
[Site "Moscow"]
[Date "2019.03.30"]
[Round "1.26"]
[White "Paldyaev, Vladislav"]
[Black "Makarenko, Aleksandr"]
[Result "1-0"]
[WhiteElo "1756"]
[BlackElo "2215"]
[Annotator "TA"]
[PlyCount "131"]
[EventDate "2019.03.30"]
[EventType "swiss"]
[EventCountry "RUS"]
[SourceTitle "playchess.com"]
[Source "ChessBase"]
[SourceQuality "1"]

{[%evp 19,131,27,35,33,23,19,29,24,64,50,155,148,146,156,159,156,142,147,139,125,135,127,190,185,162,171,177,156,209,206,204,217,181,165,327,216,279,197,286,272,272,287,322,328,345,232,231,139,139,146,146,122,125,127,134,62,115,110,100,43,57,7,85,96,200,0,106,108,204,0,0,-126,-6,-132,176,0,0,0,192,179,188,191,886,782,1383,933,1945,1871,29988,29989,29988,29989,29989,29990,29990,29981,29992,29992,29992,29992,29994,29991,29991,29992,29993,29991,29992,29993,29993,29994,29995,29996,29996,29997]} 1. d4 Nf6 2. Nf3 g6 3. c4 Bg7 4. Nc3 d6 5. e4 O-O 6. h3 c6 7. Be3 a6 8. Be2 b5 9. a3 bxc4 {E90: King's Indian: Classical: Early deviations and 6 h3} (9... Bb7 10. O-O Nbd7 11. Qc2 Rc8 12. Rad1 c5 13. e5 Ne8 14. exd6 Nxd6 15. dxc5 Nxc4 16. Bxc4 bxc4 17. Qa4 {1-0 (54) Fedoseev,V (2731)-Tsydypov,Z (2529) Sochi 2017}) 10. Bxc4 d5 {LiveBook: 5 Games} 11. exd5 cxd5 {White is slightly better.} 12. Bd3 Nc6 13. O-O Bd7 $146 ({Predecessor:} 13... Rb8 14. b4 e6 15. Qe2 Ra8 16. Na4 Ne4 17. Rac1 {1-0 (36) Havanecz,B (1819)-Karikas,M (1701) Budapest 2010}) 14. b4 {[%cal Bb2b4,Bb4b5][%mdl 32]} a5 (14... Qb8 $14) 15. b5 $16 Na7 16. Rb1 Nc8 17. Na4 Nd6 18. Ne5 Rb8 {[%cal Rd7b5]} 19. Qe2 Nfe4 20. Rfc1 Qe8 (20... Nf5 $16 21. Nc5 (21. Nxd7 Qxd7 22. Nc5 Qd6 $14) 21... Nxc5 22. Rxc5 Bxe5 23. dxe5 Nxe3) 21. Nxd7 $18 Qxd7 22. Nc5 Qd8 23. a4 Re8 (23... Nf5 $16 24. Nxe4 (24. Bxe4 dxe4 25. b6 Nxe3 $16) 24... dxe4) 24. Bxe4 dxe4 25. Nb3 Nf5 26. Qd2 Qd7 $2 (26... Nxe3 27. fxe3 Bh6) 27. Rc4 (27. Qxa5 e5 $16) 27... Ra8 28. Rbc1 Qd5 (28... Qd8 {was called for.} 29. Nc5 Nd6) 29. Nxa5 Nxe3 30. fxe3 Bh6 31. Nc6 e5 32. Qc3 {[%cal Rd4e5]} exd4 33. Rxd4 Qg5 34. Re1 Bg7 {Black wants to play ...Rxa4.} 35. Qb4 Bxd4 36. Qxd4 {aiming for b6.} Re6 37. Kh1 (37. Rb1 $16) 37... Rae8 (37... Qf6 $14) 38. Qb4 {[%mdl 1024] White has strong compensation.} Rf6 {next ...Rf2 is good for Black.} 39. Qd2 ({White should play} 39. Rg1 $1 $16) 39... Qg3 $14 40. Rg1 Ree6 (40... Rf2 $11 41. Qd4 Qc7) 41. Qd8+ Kg7 42. Qd4 $2 (42. Nb8 $1 $18) 42... Kh6 (42... Rd6 $11 43. Qxe4 Rf5) 43. Qc5 Rf2 (43... Kg7 $16 {was worth a try.}) 44. Qf8+ $2 ({White has to play} 44. b6 $1 $18 Rd6 45. Qe5 (45. Ne5 Rxg2 46. Ng4+ Kg7 $11) 45... Qxe5 46. Nxe5) 44... Kh5 $11 45. Qg7 (45. Qc5+ $11 g5 46. Qd4) 45... h6 $1 $17 ({Stronger than} 45... Qxe3 46. Ne5 $14) 46. Qd4 (46. Qc3 $1 $11 {was the only way to keep the balance.}) 46... f5 $2 {[%mdl 8192]} (46... g5 $1 $17 {keeps the pressure on.} 47. a5 Ref6) 47. Qc3 $2 (47. Qd1+ $1 $18 Kh4 48. Qd8+ Qg5 49. Qd7) 47... Rd6 {( -> ...Rd1!)} (47... f4 $5 48. Qc5+ $8 g5 49. exf4 Qxf4 $11) 48. Nd4 {Threatens to win with Qc7.} Kh4 $2 {[#]} (48... g5 $11 {and Black is okay.} 49. Qc5 Rxd4 50. Qxd4 g4 51. hxg4+ Qxg4) 49. Qc5 $1 $18 Rd7 {[#]} 50. b6 $1 {Black must now prevent a5.} Rb2 $2 (50... f4 51. Qf8 (51. Qc6 Rxd4 52. exd4 Re2 $14) 51... h5 52. exf4 Rxf4) 51. a5 f4 52. Qe5 Rf7 53. Qxe4 Rf6 54. Nf3+ {White mates.} Kh5 55. Qe5+ {[%mdl 64] Double Attack} Rf5 56. Qxb2 fxe3 57. Qe2 Rf4 58. Qxe3 Rf5 59. Qe2 Rxa5 60. Ne5+ Kh4 {[#]} 61. Nxg6+ $1 Qxg6 62. Qe1+ Qg3 63. Qxa5 h5 64. Qe1 Kg5 65. Qxg3+ Kh6 66. Re1 {Accuracy: White = 55%, Black = 35%.} 1-0